00586nam a2200205 4500003001100000005001700011008004100028020001500069040003900084041000800123082001300131100001800144245002500162260003300187300000900220650004200229942000700271952008700278999001500365LK-CoMWRAF20230831140132.0230831b1983 |||||||| |||| 00| 0 eng d a0701129107 aLK-CoMWRAFdLK-CoMWRAFeLK-CoMWRAF aeng a823bPLA aPlante, David aThe Francoeur family aLondon : bGollancz, c1983. a547p a Fiction in English American writers  cBK 00104070aMAINbMAINd2023-08-31l0o823 PLApRAF307r2023-08-31w2023-08-31yBK c3339d3339